000 00397nam a2200157 i 4500
001 84057
003 ES-MaACL
005 20230906174934.0
007 t|
008 041119q19001999zzz ||||1| spa d
100 1 _aIzaguirre, Carlos.
_965677
245 1 0 _aAlturas y abismos /
_cCarlos Izaguirre.
260 _a[S.l. :
_bs.n.,
_c19--?]
300 _a191 p. ;
_c20 cm.
852 _aES-MaACL
_jA-4024
999 _c84057
_d84057